Foreign Born All Blacks - Statistics

General Stats
  • This quiz has been taken 66 times
  • The average score is 8 of 11
Answer Stats
Number of All Blacks Country % Correct
21 Australia
98%
8 Fiji
95%
6 Samoa
95%
9 Tonga
95%
2 South Africa
85%
2 United States of America (American Samoa)
81%
3 Ireland
73%
19 United Kingdom
66%
1 China (Hong Kong)
48%
3 India
29%
1 Singapore
21%
No matching quizzes found
Score Distribution
Percent of People with Each Score
Percentile by Number Answered
Your Score History
You have not taken this quiz